000 00737nam a2200229Ia 4500
999 _c56481
_d56481
001 23594
003 GE_BSU
005 20221108161658.0
008 181216s2017||||en |||||||||||||| ||eng||
020 _a9789063693657x
040 _cGE_BSU
041 _aeng
080 _a745/749 M-30
100 _aMari, Anthony Di
_94580
245 _aConditional Design: An Introduction to Elemental Architecture /
_cAnthony Di Mari.
264 _aAmsterdam :
_bBIS Publishers,
_c2017.
300 _a156 p.:
_bill ;
_c15 cm.
653 _aConditional Design: An Introduction to Elemental Architecture
653 _aДизайн, Архитектура
653 _aდიზაინი, არქიტექტურა
942 _cBK
_2udc